000 01578nam a2200265 i 4500
003 DO-SdBNP
005 20250711115734.0
007 ta
008 250711b2006 sp abc|| |||| 00| 0 spa d
040 _aDO-SdBNP
_bspa
_cBNPHU
_erda
041 _aspa
082 4 _axxx
_bC719q
_222
245 1 0 _a500 Anni Dopo Colombo :
_bAtti dell'incontro storico culturale su Cristoforo Colombo /
_cFondazione Casa America, Genova.
246 _aQuinientos años después de Colón Cristóbal Actas de la reunión en la Casa América de Génova.
264 _aGénova :
_bFondazione Casa America, Genova,
_c2006.
300 _a136 páginas :
_bilustraciones, mapas, retratos ;
_c23 cm.
336 _atexto
_btxt
_2rdacontent
337 _asin mediación
_bn
_2rdamedia
338 _avolumen
_bnc
_2rdacarrier
500 _aIncluye referencias bibliográficas y notas al pie de las páginas
505 _aRoberto Speciale --
_tAnna Castellano --
_tCristóbal Colón XX --
_tCristoforo Colombo e le grandi famiglie genovesi del suo tempo /
_rGabriella Airaldi--
_tÚltimos días y muerte de Cristóbal Colón /
_rAlfonso Assini --
_rSara Alonso Gómez --
_rAndré Brea Cabrera --
520 _aEste libro reúne los actos o las actas de un encuentro histórico-cultural dedicado a Cristoforo Colombo, organizado para conmemorar el quinto centenario de su llegada a América. A través de una serie de conferencias, exposiciones y mesas redondas, se exploran diversos aspectos de la figura de Colombo, su legado y su impacto en la historia mundial.
910 _aLP
942 _2ddc
_cLBS1
999 _c59505
_d59505